| 000 | 00811ata a2200289 4500 | ||
|---|---|---|---|
| 005 | 20250704121833.0 | ||
| 008 | 150521b2007 xxu||||| |||| 00| 0 spa d | ||
| 041 | _aESP | ||
| 082 | _a362.299 C961a | ||
| 100 |
_aCuatrocchi, Estela Monica _930352 |
||
| 245 | _aLa adicción a las drogas: su recuperación en comunidad terapéutica | ||
| 260 | _aArgentina | ||
| 260 | _bEspacio | ||
| 260 | _c2007 | ||
| 300 | _a160 páginas | ||
| 490 | _aTemática General | ||
| 650 | _aDROGAS | ||
| 650 | _aADICCIÓN A LAS DROGAS | ||
| 650 | _aRECUPERACIÓN EN COMUNIDAD | ||
| 650 | _aRECUPERACIÓN TERAPÉUTICA | ||
| 650 | _aTOXICONOMÍA | ||
| 650 | _aCONSUMO DE DROGAS | ||
| 650 | _aTRATAMIENTO DE ADICCIÓN | ||
| 650 | _aPREVENCIÓN A LAS DROGAS | ||
| 650 | _aSITUACIÓN DE FAMILIAS | ||
| 942 |
_cBK _2ddc |
||
| 999 |
_c5867 _d5867 |
||